Montserrat Masdeu (Record no. 10792)

MARC details
000 - LÍDER
campo de control de longitud fija 01051nam a2200241Ia 4500
008 - ELEMENTOS DE DATOS DE LONGITUD FIJA - INFORMACIÓN GENERAL
campo de control de longitud fija 0000001994 sp ad 0000000000mul00
090 ## - NÚMERO DE LLAMADA DE TIPO LC LOCALMENTE ASIGNADO (OCLC)
Número de clasificación (OCLC) (R) PSP00 A77m
245 10 - TÍTULO DECLARACIÓN
Título Montserrat Masdeu
Declaración de responsabilidad / Art Miami International Art Exposition
-- / photos Joan Iriarte
260 ## - PUBLICACIÓN, DISTRIBUCIÓN
Lugar de publicación Madrid : Kreisler Art Gallery
Fecha de publicación 1994
300 ## - DESCRIPCIÓN FÍSICA
Alcance [16] p.
500 ## - NOTA GENERAL
Nota general Incluye cronología del artista \ Texto bilingue: español inglés \ Registro auspiciado por la FGAA. Bogotá
501 ## - Con nota
Con nota The artist in her studio = Una artista en su taller / Rafael Manzano
505 ## - NOTA DE CONTENIDO FORMATEADA
Nota sobre el contenido formateado OBRAS : Umbráculo, Barcelona Invernadero, Barcelona Invernadero interior, París Geranios, París Mercado de flores, Paris
600 00 - ENTRADA DE SUJETO AÑADIDO - NOMBRE PERSONAL
Nombre de la persona MASDEU, MONTSERRAT, 1947 /
Subdivisión general TRABAJOS PICTORICOS
650 14 - ENTRADA DE SUJETO AÑADIDO - TÉRMINO TÓPICO
Término tópico o elemento de entrada del nombre geográfico ARTE CONTEMPORANEO ESPAÑOL
650 14 - ENTRADA DE SUJETO AÑADIDO - TÉRMINO TÓPICO
Término tópico o elemento de entrada del nombre geográfico ARTISTAS PLASTICOS ESPAÑOLES EXPOSIONES
650 14 - ENTRADA DE SUJETO AÑADIDO - TÉRMINO TÓPICO
Subdivisión general CATALOGOS
650 14 - ENTRADA DE SUJETO AÑADIDO - TÉRMINO TÓPICO
Subdivisión general EXPOSICIONES
650 14 - ENTRADA DE SUJETO AÑADIDO - TÉRMINO TÓPICO
Término tópico o elemento de entrada del nombre geográfico NATURALEZA EN EL ARTE
650 14 - ENTRADA DE SUJETO AÑADIDO - TÉRMINO TÓPICO
Término tópico o elemento de entrada del nombre geográfico PINTORES ESPAÑOLES
650 14 - ENTRADA DE SUJETO AÑADIDO - TÉRMINO TÓPICO
Término tópico o elemento de entrada del nombre geográfico PINTURA ESPAÑOLA
700 1# - ENTRADA AGREGADA - NOMBRE PERSONAL
Nombre de la persona Manzano, Rafael
Holdings
Estado de retirada Pérdida de estatus Estado dañado No para préstamo Código de recogida Ubicación permanente Ubicación actual Ubicación de las estanterías Fecha de adquisición Número de llamada completo Código de barras Fecha de la última vez que se vio Número de copia Precio efectivo desde Tipo de artículo Koha
        General ArtNexus ArtNexus General 06/09/2022 P-SP-00 A77M 10892 06/09/2022 Ej.1 06/09/2022 Libro

Powered by Koha